书目信息 |
| 题名: |
曾国藩全集
|
|
| 作者: | 李瀚章 | |
| 分册: | 第九卷 | |
| 出版信息: | 中国致公出版社 |
|
| 页数: | 3520页 | |
| 开本: | 24cm | |
| 丛书名: | ||
| 单 册: | ||
| 中图分类: | C379 | |
| 科图分类: | ||
| 主题词: | 社会科学--数量处理 | |
| 电子资源: | ||
| ISBN: | ||
| 000 | 00502nam0 2200169 450 | |
| 001 | 202411063253848649 | |
| 005 | 20241106165302.22 | |
| 100 | @a20241106d km y0chiy0120 ea | |
| 101 | 0 | @achi |
| 200 | 1 | @a曾国藩全集@ACeng Guo Fan Quan Ji@h第九卷@f李瀚章@FLi Han Zhang |
| 210 | @c中国致公出版社 | |
| 215 | @a3520页@d24cm | |
| 606 | 0 | @a社会科学@x数量处理 |
| 690 | @aC379@v4 | |
| 701 | 0 | @a李瀚章@ALi Han Zhang |
| 801 | 0 | @aCN@b大连网信软件有限公司图书馆·11@c20241106 |
| 905 | @aZUCC@b1431350@dC379@e508:9@f1 | |
| 曾国藩全集.第九卷/李瀚章.-中国致公出版社 |
| 3520页;24cm |
| ISBN : |
| ● |
| 相关链接 |
|
|
|
|
正题名:曾国藩全集
索取号:C379/508:9
 
预约/预借
| 序号 | 登录号 | 条形码 | 馆藏地/架位号 | 状态 | 备注 |
| 1 | 1431350 | 214313508 | 密集书库-史法系/ [索取号:C379/508:9] | 在馆 |